| 000 | 004580000a22001810004500 | ||
|---|---|---|---|
| 003 | MACL | ||
| 005 | 20151003114019.0 | ||
| 008 | 151003b xxu||||| |||| 00| 0 eng d | ||
| 040 |
_aMACL _cMACL |
||
| 041 | _aEnglish | ||
| 082 | _a910/RIZ | ||
| 100 |
_aRizvi, Janet _913350 |
||
| 245 |
_aLadakh _bCrossroads Of High Asia |
||
| 260 |
_bOxford University Press _c1989 _aNew Delhi |
||
| 350 | _a70 | ||
| 650 |
_aGeography & Travel _913351 |
||
| 942 |
_cBK _k910 _2ddc |
||
| 999 |
_c5028 _d5028 |
||